000 00419nam a22001577a 4500
008 150511b xxu||||| |||| 00| 0 eng d
020 _a9780073380483
041 0 _aeng
080 _a535
100 1 _aGhatak, A. K.
245 1 0 _aOptics /
_cAjoy Ghatak.
260 _aBoston :
_bMcGraw-Hill Higher Education,
_c2010.
300 _axvi, 542 p., viii p. of plates :
_bme il.;
_c28 cm.
650 0 _aOptika
942 _2udc
_cBK
999 _c725
_d725